LEADER 01274nam--2200397---450- 001 990000554860203316 005 20051024115545.0 010 $a88-221-0961-9 035 $a0055486 035 $aUSA010055486 035 $a(ALEPH)000055486USA01 035 $a0055486 100 $a20010710d1991----km-y0itay0103----ba 101 $aita 102 $aIT 105 $a||||||||001yy 200 1 $a<> educazione scientifica nella scuola elementare$fa cura di Franco Duprè 210 $aScandicci$cLa nuova Italia$d1991 215 $aX, 446 p.$d21 cm 225 2 $aDidattica viva$v187$iQuaderni dell'IRRSAE Lazio$v6 410 $12001$aDidattica viva$v187$iQuaderni dell'IRRSAE Lazio$v6 410 $12001 606 0 $aScienze$xIn segnamento$xScuola elementare 676 $a372.35044 702 1$aDUPRE',$bFranco 801 0$aIT$bsalbc$gISBD 912 $a990000554860203316 951 $aII.4. Coll.38/ 127(VI ps C COLL. 9/187)$b112241 LM$cVI ps C COLL. 959 $aBK 969 $aUMA 979 $aPATTY$b90$c20010710$lUSA01$h1158 979 $c20020403$lUSA01$h1704 979 $aPATRY$b90$c20040406$lUSA01$h1639 979 $aCOPAT5$b90$c20051024$lUSA01$h1155 996 $aEducazione scientifica nella scuola elementare$9130892 997 $aUNISA LEADER 01601nas 2200565-a 450 001 9910896663003321 005 20250217111024.0 011 $a3040-8644 035 $a(CKB)991042745777930 035 $a(CONSER)sn-83005669- 035 $a(DcWaBHL)36469 035 $a(EXLCZ)99991042745777930 100 $a20750901b18971940 --- b 101 0 $afre 181 $ctxt$2rdacontent 182 $cc$2rdamedia 183 $acr$2rdacarrier 200 00$aArchives d'anatomie microscopique 210 $aParis $cMasson$d1897-1940 215 $a1 online resource 311 08$aPrint version: Archives d'anatomie microscopique. (DLC)sn 83005669 (OCoLC)1590055 0301-4509 531 0 $aArch. anat. microsc. 606 $aAnatomy$vPeriodicals 606 $aMorphology$vPeriodicals 606 $aAnatomy 606 $aEmbryology 606 $aHistology 606 $aEmbryologie$vPériodiques 606 $aHistologie$vPériodiques 606 $aAnatomie$vPériodiques 606 $aAnatomy$2fast$3(OCoLC)fst00808440 606 $aMorphology$2fast$3(OCoLC)fst01026452 608 $aPeriodical. 608 $aPeriodicals.$2fast 608 $aZeitschrift.$2gnd 615 0$aAnatomy 615 0$aMorphology 615 2$aAnatomy. 615 2$aEmbryology. 615 2$aHistology. 615 6$aEmbryologie 615 6$aHistologie 615 6$aAnatomie 615 7$aAnatomy. 615 7$aMorphology. 906 $aJOURNAL 912 $a9910896663003321 920 $aexl_impl conversion 996 $aArchives d'anatomie microscopique$9800321 997 $aUNINA